000 005420000a22001930004500
090 _aAR
_b03644
245 1 0 _aPhylogenetic trends in the Scarabaeoidea (Coleoptera)
650 1 4 _aEntomología
_94483
650 1 4 _aColeópteros
_97857
650 1 4 _aFilogenética
_94310
650 1 4 _aEvolución
_992797
650 1 4 _aMorfología animal
_99953
653 _fScarabaeoidea
653 _fDascilloidea
041 0 _aInglés
100 1 _aScholtz, C. H.
_995983
942 _cARTICULO
773 1 _tJournal of Natural history
_q1027-1066
_d1990
_g24
999 _c12692
_d12692